| 000 | 01306cam a22002294a 4500 | ||
|---|---|---|---|
| 005 | 20250605164047.0 | ||
| 008 | 250528s ||||||||||||||||||||||||d | ||
| 035 | _a17161 | ||
| 020 | _a412628406 | ||
| 040 |
_aGR-AtMCL _bgre _dGR-AtMCL _eAACR2 |
||
| 245 | 1 | _aEconomics and Changing Economies | |
| 260 |
_bInternational Thomson Business Press, _c1996 |
||
| 300 | _a1090 | ||
| 520 | _aThis book combines the teaching of economic theory with an exploration of some of the major economic trends and problems facing economies around the world. Preface, Introduction, The Market System, Economic Issues and Economic Models, Economy Agency, Competition and Market Power, Evaluating Competition, Data and Economic Models, Money and Government, International Markets, Economic Integration and Transformation, Macroeconomics and Economic Policy, Changing Economies and Economic Theory, Macroeconomic Modelling, Macroeconomic Policy and Performance, Labor in the Economy, Distribution and Intervention, Macroeconomics and Economic Change, Data and Economic Forecasting, Economic Policy and the Longer Term, References, Index. | ||
| 700 | 1 |
_aBrown V _93316 |
|
| 700 | 1 |
_aCostello N _93317 |
|
| 700 | 1 |
_aDawson Graham _93318 |
|
| 700 | 1 |
_aMackintosh M _93319 |
|
| 942 | _cBK | ||
| 999 |
_c2599 _d2599 |
||